Especie pura del aire /
সংরক্ষণ করুন:
| প্রধান লেখক: | |
|---|---|
| বিন্যাস: | বৈদ্যুতিক বৈদ্যুতিন গ্রন্থ |
| ভাষা: | স্প্যানিশ |
| প্রকাশিত: |
Cuenca, Ecuador :
Universidad del Azuay, Casa Editora,
[2024]
|
| মালা: | Litterae (Cuenca, Ecuador). Poesía.
|
| বিষয়গুলি: | |
| অনলাইন ব্যবহার করুন: | Digitalia Hispánica |
| ট্যাগগুলো: |
ট্যাগ যুক্ত করুন
কোনো ট্যাগ নেই, প্রথমজন হিসাবে ট্যাগ করুন!
|
MARC
| LEADER | 00000nam a2200000 i 4500 | ||
|---|---|---|---|
| 001 | DIGUAZUAY0256 | ||
| 003 | NyNyDIG | ||
| 007 | cr ||||||||||| | ||
| 008 | 260116s2024 ec o 000 p spa d | ||
| 006 | m o d | ||
| 035 | |a (OCoLC)1569883616 | ||
| 040 | |a DGITA |b eng |e rda |e pn |c DGITA | ||
| 020 | |a 9789942645708 |q eBook | ||
| 020 | |z 9789942645692 | ||
| 050 | 1 | 4 | |a PQ8220.425.R854 ebook |
| 100 | 1 | |a Ortiz Moyano, Carlos Luis, |d 1979- |e author. | |
| 245 | 1 | 0 | |a Especie pura del aire / |c Carlos Luis Ortiz Moyano. |
| 264 | 1 | |a Cuenca, Ecuador : |b Universidad del Azuay, Casa Editora, |c [2024] | |
| 300 | |a 1 online resource. | ||
| 336 | |a text |b txt |2 rdacontent | ||
| 337 | |a computer |b c |2 rdamedia | ||
| 338 | |a online resource |b cr |2 rdacarrier | ||
| 347 | |a text file |2 rdaft | ||
| 347 | |b PDF | ||
| 490 | 1 | |a Litterae. Poesía | |
| 588 | 0 | |a Online resource; title from PDF title page (Digitalia, viewed January 16, 2026) | |
| 655 | 7 | |a Poetry. |2 lcgft | |
| 791 | 2 | |a Digitalia (Firm), |e distributor. | |
| 793 | 0 | |g Digitalia eBook Collection: |a Universidad del Azuay | |
| 776 | 0 | 8 | |i Print version: |a Ortiz Moyano, Carlos Luis, 1979- |t Especie pura del aire. |d Cuenca, Ecuador : Universidad del Azuay, Casa Editora, [2024] |z 9789942645692 |
| 830 | 0 | |a Litterae (Cuenca, Ecuador). |p Poesía. | |
| 856 | 4 | 0 | |3 Digitalia Hispánica |u https://digitalia.unach.elogim.com/a/170484/ |
| 910 | |a Premium collection: 2026 | ||